000 00359nam a2200157Ia 4500
008 200601s9999 xx 000 0 und d
020 _a0-450-39006-3
050 _aFIC AI5c
050 _b1985
100 _aAlbeury, Ted
245 0 _aChildren of Tender Years /
260 _aLondon :
260 _bNel Books.
260 _c1985
300 _a231 pages :
999 _c363461
_d363461